[Event "Calvia Amateur op 8th"]
[Site "Calvia"]
[Date "2011.10.08"]
[Round "1"]
[White "Navarrete Abraham, Jorge"]
[Black "Tscharotschkin, Michael"]
[Result "0-1"]
[WhiteElo "1862"]
[BlackElo "2223"]
[PlyCount "59"]
[EventDate "2011.10.08"]
[EventType "swiss"]
[EventRounds "9"]
[EventCountry "ESP"]
[SourceTitle "CBM 144 Extra"]
[Source "ChessBase"]
[SourceDate "2011.10.28"]
[SourceVersion "1"]
[SourceVersionDate "2011.10.28"]
[SourceQuality "1"]

1. c4 c6 2. Nf3 d5 3. g3 Nd7 4. Bg2 e5 5. d4 e4 6. Ne5 Bd6 7. cxd5 cxd5 8. Nc3 Ngf6 9. Nxd7 Bxd7 10. Bg5 Be6 11. 0-0 Be7 12. Rc1 0-0 13. Qb3 Qb6 14. Qxb6 axb6 15. b3 h6 16. Bd2 b5 17. Rc2 b4 18. Nd1 Ra3 19. Ne3 Rfa8 20. Rb1 Rxa2 21. Rcb2 R2a6 22. Nc2 Rb6 23. Bf1 Bd7 24. Kg2 Ne8 25. h3 Nc7 26. e3 Bb5 27. Kh2 Bxf1 28. Rxf1 Na6 29. Rc1 Rc6 30. Ra1 0-1